Wolfsburg 2020's Starting XI - Statistics

General Stats
  • This quiz has been taken 789 times
    8 since last reset
  • The average score is 16 of 39
Answer Stats
Player % Correct
Jonas Wind
88%
Koen Casteels
88%
Christian Eriksen
75%
Maximilian Arnold
75%
Wout Weghorst
75%
Kamil Grabara
63%
Maxence Lacroix
63%
Joakim Mæhle
50%
John Brooks
50%
Kilian Fischer
50%
Konstantinos Koulierakis
50%
Mohamed Amoura
50%
Patrick Wimmer
50%
Ridle Baku
50%
Bence Dárdai
38%
Denis Vavro
38%
Jakub Kamiński
38%
Jérôme Roussillon
38%
Josip Brekalo
38%
Josuha Guilavogui
38%
Lovro Majer
38%
Mattias Svanberg
38%
Micky van de Ven
38%
Renato Steffen
38%
Sebastiaan Bornauw
38%
Xaver Schlager
38%
Yannick Gerhardt
38%
Aaron Zehnter
25%
Kevin Mbabu
25%
Kevin Paredes
25%
Lukas Nmecha
25%
Max Kruse
25%
Moritz Jenz
25%
Paulo Otávio
25%
Robin Knoche
25%
Tiago Tomás
25%
Vinicius Souza
25%
Sael Kumbedi
13%
Dženan Pejčinović
0%
No matching quizzes found
Score Distribution
Percent of People with Each Score
Percentile by Number Answered
Your Score History
You have not taken this quiz since the last reset